| 000 | 00420nam a22001577a 4500 | ||
|---|---|---|---|
| 005 | 20230119102732.0 | ||
| 008 | 190910b xxu||||| |||| 00| 0 eng d | ||
| 020 | _a81-256-0077-9 | ||
| 041 | _aeng | ||
| 100 |
_aSIDDIQUI, DR. ANEES AHMAD AND SIDDIQUI, RAFAT _95075 |
||
| 245 | _aHUMAN ANATOMY AND PHYSIOLOGY | ||
| 260 |
_aDELHI _bTARA PUBLICATION |
||
| 300 | _a119p, | ||
| 650 |
_aPHARMACY _xB.PHARMA _97083 |
||
| 942 | _cBK | ||
| 999 |
_c5980 _d5978 |
||